Normal view
MARC view
- Penchansky de Bosch, Lydia,
Entry Nombre Personal
001 - NUMERO DE CONTROL
- campo de control: 36377
003 - IDENTIFICADOR DE NUMERO DE CONTROL
- campo de control: UPN
005 - FECHA Y HORA DE LA ÜLTIMA TRANSACCIÓN
- campo de control: 20210219194514.0
008 - DATOS DE LONGITUD FIJA
- campo de control de longitud fija: nabaccnnaabn|||||||||| b |nc|||||d
035 ## - NUMERO DE CONTROL
- Número de control: UPN11000008484
040 ## - FUENTE DE CATALOGACIÓN
- Lenguaje de catalogación: SPA
- Agencia de transcripción: UPN
100 1# - ENCABEZAMIENTO - NOMBRE PERSONAL
- Nombre personal: Penchansky de Bosch, Lydia,
- Fechas asociadas con el nombre: 1916-2003
670 ## - FUENTE EN LA QUE SE LOCALIZARON DATOS
- Cita de la fuente: LC
680 ## - NOTA PUBLICA DE ACCESO PÚBLICO
- Encabezamiento o subdivisión: Nació en Santa Fe, Argentina. Ejerció la docencia como maestra primaria en escuelas de Santa Fe y como profesora, en Escuelas Normales, en las Universidades de Buenos Aires y Córdoba. Fue una de las pioneras en proponer, a través de la publicación de sus obras, la renovación de los jardines de infantes del país.
902 ## - CATALOGADOR
- Catalogador: MITM/270115
